3 indices - un type de lieux - Statistiques

Statistiques générales
  • Ce quiz a été pris 123 fois
  • Le résultat moyen est 15 sur 20
Statistiques - réponses
Indices Types de lieux % Correct
du Bosphore/ de Magellan/ de Béring Détroits
93%
of Modern Art/ d'Orsay/ Guggenheim Musées
91%
Sri Lanka/ Hispaniola/ d'Oléron Îles
89%
Harvard/ Oxford/ Sorbonne Universités
89%
Corse/ Occitanie/ Centre-Val de Loire Régions
87%
Loire/ Yukon/ Limpopo Fleuves
84%
d'Atacama/ du Kalahari/ de Gobi Déserts
83%
de Marmara/ de Kara/ Égée Mers
83%
Persique/ de Gascogne/ du Bengale Golfes
80%
du Mozambique/ de Nantes à Brest/ de Panama Canaux
76%
de Tokyo/ de San Francisco/ de Somme Baies
75%
Mikérinos/ Chichen Itza/ du Louvre Pyramides
74%
Arabique/ Ibérique/ Kamtchatka Péninsules
73%
New York/ Orléans/ Shanghaï Villes
71%
Tian Shan/ Atlas/ Carpathes Montagnes
69%
Le Cap/ Pretoria/ Bloemfontein {Capitales} {sud-africaines}
66%
Supérieur/ de Garde/ de Tibériade Lacs
64%
d'Orléans/ de Rambouillet/ Noire Forêts
63%
Mascareignes / Palaos/ Petites Antilles Archipels
62%
du Nord/ d'Austerlitz/ Saint-Lazare {Gares} {parisiennes}
54%
Aucun quiz correspondant
Distribution des résultats
% des personnes avec chaque résultat
Percentile par nombre de réponses
Votre historique - résultats
Vous n’avez pas pris ce quiz